000 00675nam a2200241Ia 4500
003 OSt
005 20220928121110.0
006 a|||||r|||| 00| 0
007 ta
008 220927b |||||||| |||| 00| 0 eng d
024 _a59613
037 _cTextual
040 _aSDCL
_cSDCL
_beng
041 _2eng
_aeng
082 _aJ381, P3
100 _aSmith C Wayne
_9451559
245 0 _aRice
_b Origin, history, technology, and production.
260 _aNew Jersey
_bJohn Wiley
_c2003
300 _axii,642p.
_ccm.
700 _a Dilday Robert H
_9451560
942 _hJ381, P3
_cTEXL
_2CC
999 _c765611
_d765611